000 00289nam a22001337a 4500
008 181105b xxu||||| |||| 00| 0 eng d
020 _a0721626130
041 _aeng
080 _a615
100 _a5
101 _aSHF
245 _aClinical Problems with Drugs
_cCluff
942 _2udc
_cBK
999 _c51863
_d51863